The repairer of the breach : a sermon preached at the cathedral church of Glocester, May 29, 1660, being the anniversary of His Maiesty's birth-day, and happy entrance into his emperial city of London /

Bibliographic Details
Main Author: Washbourne, Thomas, 1606-1687
Format: eBook
Language:English
Published: London : Printed for William Leak ..., 1660.
Series:Early English books online.
Subjects:
Online Access:Connect to the full text of this electronic book

MARC

Tag First Indicator Second Indicator Subfields
LEADER 00000nam a2200000Ia 4500
001 in00004304921
005 20200810090325.0
006 m g d
007 cr bn |||a|bb|
008 880222s1660 enk o 00| | eng d
035 |a (OCoLC)17512988 
040 |a EAH  |c EAH  |d WaOLN 
037 |a CL0037000036  |b ProQuest Information and Learning. 300 N. Zeeb Rd., Ann Arbor, MI 48106 
043 |a e-uk-en 
045 2 |b d1660  |b d1688 
090 |a BS1515  |b .W37 
049 |a EAHA 
100 1 |a Washbourne, Thomas,  |d 1606-1687. 
245 1 4 |a The repairer of the breach :  |b a sermon preached at the cathedral church of Glocester, May 29, 1660, being the anniversary of His Maiesty's birth-day, and happy entrance into his emperial city of London /  |c by Thomas Washbourn. 
260 |a London :  |b Printed for William Leak ...,  |c 1660. 
300 |a 1 online resource ([6], 26 pages) 
336 |a text  |b txt  |2 rdacontent 
337 |a computer  |b c  |2 rdamedia 
338 |a online resource  |b cr  |2 rdacarrier 
500 |a Error in paging: pages 3 unnumbered, pages 5, 20-21, 24-25 misnumbered 7, 25-24, 21-20. 
500 |a Advertisement: pages 26. 
500 |a Reproduction of original in the Union Theological Seminary Library, New York. 
510 4 |a Wing  |c W1026 
533 |a Electronic reproduction.  |b Ann Arbor, Mich. :  |c UMI,  |d 1999-  |f (Early English books online)  |n Digital version of: (Early English books, 1641-1700 ; 1107:20)  |7 s1999 miun s 
630 0 0 |a Bible.  |p O.T.  |p Isaiah LVIII, 12  |v Sermons. 
651 0 |a Great Britain  |x History  |y Restoration, 1660-1688  |v Sermons. 
650 0 |a Sermons, English  |y 17th century. 
830 0 |a Early English books online. 
856 4 0 |u http://proxy.library.tamu.edu/login?url=https://search.proquest.com/docview/2248540780  |z Connect to the full text of this electronic book  |t 0 
999 f f |s 83e744e3-2a4a-3487-84a2-1186d9450a26  |i 51d6b7a0-845d-3ba5-b943-17566312a705  |t 0 
952 f f |a Texas A&M University  |b College Station  |c Electronic Resources  |d Available Online  |t 0  |e BS1515 .W37  |h Library of Congress classification 
998 f f |a BS1515 .W37  |t 0  |l Available Online